[Event "AUTO-MASTER-3217"]
[Site "http://www.queenalice.com/game.php?id=1837480"]
[Date "2024.5.25"]
[Round "1"]
[White "Pipo712"]
[Black "Merlin_AAC"]
[Result "0-1"]
[WhiteElo "2070"]
[BlackElo "2033"]

1. e4 e5 2. Nf3 Nc6 3. Nc3 a6 4. a4 h6 5. Bc4 Nf6 6. O-O d6 7. h3 Be7 8. Re1 O-O
9. d4 exd4 10. Nxd4 Ne5 11. Bb3 c5 12. Nf5 Bxf5 13. exf5 c4 14. Ba2 Qd7 15. f4
Nc6 16. Bxc4 Qxf5 17. Nd5 Bd8 18. c3 Nxd5 19. Bxd5 Bb6+ 20. Kh1 Qd7 21. Qf3 Rae8
22. b4 Rxe1+ 23. Kh2 Ne7 0-1

[Event "AUTO-OPEN-4530"]
[Site "http://www.queenalice.com/game.php?id=1837602"]
[Date "2024.5.27"]
[Round "1"]
[White "Merlin_AAC"]
[Black "Scharlatan"]
[Result "0-1"]
[WhiteElo "2046"]
[BlackElo "2115"]

1. e4 d6 2. d4 Nf6 3. Nc3 g6 4. Nf3 Bg7 5. Bc4 O-O 6. h3 Nxe4 7. O-O Nxc3 8.
bxc3 Nc6 9. a4 e6 10. Bb2 b6 11. Ba2 d5 12. Ba3 Re8 0-1

[Event "AUTO-OPEN-4530"]
[Site "http://www.queenalice.com/game.php?id=1837603"]
[Date "2024.5.27"]
[Round "1"]
[White "Scharlatan"]
[Black "Merlin_AAC"]
[Result "1-0"]
[WhiteElo "2105"]
[BlackElo "1925"]

1. e4 e5 2. Nf3 Nc6 3. d4 exd4 4. Bc4 Nf6 5. e5 Qe7 6. O-O Ng8 7. c3 h6 8. cxd4
a6 9. d5 b5 10. d6 cxd6 11. Bf4 dxe5 12. Nxe5 Nxe5 13. Bd5 Ra7 14. Bxe5 Nf6 15.
Re1 Nxd5 16. Bd4 Qxe1+ 17. Qxe1+ Be7 18. Bxg7 Rg8 19. Nc3 Nf4 20. Bf6 Rxg2+ 21.
Kh1 d5 22. Nxd5 1-0

[Event "AUTO-OPEN-4530"]
[Site "http://www.queenalice.com/game.php?id=1837604"]
[Date "2024.5.27"]
[Round "1"]
[White "Merlin_AAC"]
[Black "TammieM3ENF"]
[Result "1-0"]
[WhiteElo "2027"]
[BlackElo "1091"]

1. e4 e5 2. Nf3 d5 3. Bb5+ c6 4. Bd3 b5 5. Nxe5 c5 6. Bxb5+ Nd7 7. Bc6 a5 8.
Bxa8 f6 9. Nxd7 Bxd7 10. Bxd5 g5 11. Qh5+ Ke7 12. O-O c4 13. b3 cxb3 14. Ba3#
1-0

[Event "AUTO-OPEN-4530"]
[Site "http://www.queenalice.com/game.php?id=1837605"]
[Date "2024.5.27"]
[Round "1"]
[White "TammieM3ENF"]
[Black "Merlin_AAC"]
[Result "0-1"]
[WhiteElo "1085"]
[BlackElo "2044"]

1. d4 e5 2. dxe5 Bc5 3. e3 a6 4. e4 d6 5. e6 Bxe6 6. c3 Nc6 7. b4 Bb6 8. f4 Nf6
9. c4 Nxe4 10. c5 Qh4+ 11. g3 Nxg3 12. hxg3 Qxh1 13. Kd2 dxc5 14. bxc5 O-O-O+
15. Kc2 Rxd1 16. Kxd1 Qxg1 17. Kc2 Nb4+ 18. Kb2 Bxc5 19. g4 Qxf1 20. a3 Nd3+ 21.
Kc2 Bxg4 22. Ra2 Qd1+ 23. Kc3 Nxc1 24. a4 Nxa2+ 25. Kb2 Re8 26. Kxa2 Re2+ 27.
Ka1 Bd4# 0-1

[Event "AUTO-OPEN-4530"]
[Site "http://www.queenalice.com/game.php?id=1837606"]
[Date "2024.5.27"]
[Round "1"]
[White "Merlin_AAC"]
[Black "CCapivara"]
[Result "0-1"]
[WhiteElo "2007"]
[BlackElo "2256"]

1. e4 d6 2. Nf3 Nf6 3. d4 Nxe4 4. d5 c6 5. Nc3 Nxc3 6. bxc3 Qa5 7. dxc6 Qxc3+ 8.
Bd2 Qxc6 9. Rb1 a6 10. Be2 Bf5 0-1

[Event "AUTO-OPEN-4530"]
[Site "http://www.queenalice.com/game.php?id=1837607"]
[Date "2024.5.27"]
[Round "1"]
[White "CCapivara"]
[Black "Merlin_AAC"]
[Result "1-0"]
[WhiteElo "2251"]
[BlackElo "2013"]

1. e4 e5 2. Nf3 Nc6 3. Bb5 Nd4 4. Bc4 Bc5 5. O-O d6 6. d3 Be6 7. Nxd4 Bxc4 8.
Nf5 Qf6 9. dxc4 h5 10. h4 Qg6 11. Nc3 Nf6 12. Bg5 O-O-O 13. Ne7+ Kb8 14. Nxg6
fxg6 15. Nd5 Rdf8 16. Bxf6 1-0

[Event "AUTO-ADV-4780"]
[Site "http://www.queenalice.com/game.php?id=1839768"]
[Date "2024.7.5"]
[Round "2"]
[White "Connor"]
[Black "Merlin_AAC"]
[Result "0-1"]
[WhiteElo "1885"]
[BlackElo "1931"]

1. d4 c6 2. e3 Nf6 3. c4 e6 4. Nf3 d6 5. Nc3 Nbd7 6. a3 h6 7. Bd3 b6 8. b4 Bb7
9. Bb2 Be7 10. Be2 a5 11. h3 axb4 12. axb4 Rxa1 13. Qxa1 c5 14. bxc5 Bxf3 15.
Bxf3 O-O 16. cxb6 Nxb6 17. Be2 Qd7 18. Qa2 Ra8 19. Qb1 Qc6 20. Bf3 d5 21. cxd5
exd5 22. O-O Nc4 23. Qc2 Nxb2 24. Qxb2 Bd6 25. Rc1 Ba3 0-1

[Event "AUTO-ADV-4780"]
[Site "http://www.queenalice.com/game.php?id=1839769"]
[Date "2024.7.5"]
[Round "2"]
[White "Merlin_AAC"]
[Black "Connor"]
[Result "0-1"]
[WhiteElo "1916"]
[BlackElo "1853"]

1. e4 e5 2. Nf3 d6 3. d4 Be7 4. d5 Nf6 5. Bb5+ Bd7 6. Bxd7+ Nbxd7 7. O-O Nxe4 8.
b4 Ng5 9. Nbd2 Nxf3+ 10. Nxf3 a6 11. c4 b6 12. a4 h6 13. Re1 O-O 14. Bb2 Bf6 15.
Qc2 Re8 16. Re4 Nf8 17. Rae1 Ng6 18. g3 Qd7 19. Bc1 a5 20. c5 bxc5 21. b5 Ne7
22. Bxh6 gxh6 23. Qc4 Ng6 24. Rg4 Kh7 25. Qe4 Rg8 26. Re3 Be7 27. Nh4 Bxh4 28.
Rxh4 Rh8 29. Rh5 Kg7 30. Rf5 Rae8 31. Ref3 Re7 32. Rf6 Rf8 0-1

[Event "AUTO-ADV-4780"]
[Site "http://www.queenalice.com/game.php?id=1839774"]
[Date "2024.7.5"]
[Round "2"]
[White "Merlin_AAC"]
[Black "Capixabba789"]
[Result "0-1"]
[WhiteElo "1879"]
[BlackElo "1946"]

1. e4 e5 2. Nf3 d6 3. Bc4 Be7 4. O-O Nf6 5. d4 exd4 6. c3 dxc3 7. Bxf7+ Kxf7 8.
Qb3+ Kf8 9. Nxc3 Nc6 10. Ng5 Qe8 11. Nd5 Bd8 12. Nxf6 Bxf6 13. Re1 Ne5 14. Qd5
Bxg5 15. f4 Nf3+ 16. gxf3 Bh4 17. Re2 Qe6 18. Qb5 c6 19. Qh5 Be7 20. f5 Qf6 21.
Qh3 Bd7 22. Be3 h5 23. Rg2 b5 24. Rd1 h4 25. Kh1 c5 26. Bg5 Qf7 27. Bxe7+ Qxe7
28. Rg6 Rd8 29. Rdxd6 c4 30. Ra6 Bc8 31. Rac6 Rd1+ 32. Rg1 Rxg1+ 33. Kxg1 Qg5+
34. Qg4 Qxg4+ 35. fxg4 Bd7 36. Rc7 Be8 37. Rxa7 Rh6 38. e5 Rb6 0-1

[Event "AUTO-ADV-4780"]
[Site "http://www.queenalice.com/game.php?id=1839775"]
[Date "2024.7.5"]
[Round "2"]
[White "Capixabba789"]
[Black "Merlin_AAC"]
[Result "1-0"]
[WhiteElo "1952"]
[BlackElo "1943"]

1. e4 Nf6 2. Bc4 e6 3. e5 Ne4 4. d4 a6 5. Nf3 Nc6 6. O-O d5 7. Bd3 Be7 8. Be3 h6
9. c3 Bg5 10. Na3 Bd7 11. Nc2 Ne7 12. Bc1 Bb5 13. Bxb5+ axb5 14. Ne3 Ng6 15.
Nxg5 hxg5 16. f3 Ng3 17. hxg3 Qe7 18. Ng4 O-O-O 19. Be3 Rh7 20. Kf2 1-0

[Event "AUTO-ADV-4780"]
[Site "http://www.queenalice.com/game.php?id=1839776"]
[Date "2024.7.5"]
[Round "2"]
[White "Merlin_AAC"]
[Black "Shizumaru_Hisame"]
[Result "0-1"]
[WhiteElo "2050"]
[BlackElo "1862"]

1. e4 e6 2. Nf3 d5 3. e5 Nc6 4. d4 Bb4+ 5. c3 Ba5 6. a4 Bb6 7. b3 f6 8. Bb5 Bd7
9. Bxc6 Bxc6 10. a5 Ne7 0-1

[Event "AUTO-OPEN-4461"]
[Site "http://www.queenalice.com/game.php?id=1840550"]
[Date "2024.7.21"]
[Round "3"]
[White "Merlin_AAC"]
[Black "bmax"]
[Result "0-1"]
[WhiteElo "1927"]
[BlackElo "2308"]

1. e4 c6 2. Nf3 d5 3. exd5 cxd5 4. d4 Nc6 5. Bf4 Bg4 6. Bb5 Qa5+ 7. Nc3 e6 8.
O-O Bb4 9. Bxc6+ bxc6 10. h3 Bxf3 11. Qxf3 Nf6 12. Bd2 O-O 13. Bg5 Ne8 14. Ne2
Bd6 15. Ng3 Qb4 16. c3 Qxb2 17. Rfb1 Qa3 18. Nh5 Rb8 0-1

[Event "AUTO-OPEN-4461"]
[Site "http://www.queenalice.com/game.php?id=1840551"]
[Date "2024.7.21"]
[Round "3"]
[White "bmax"]
[Black "Merlin_AAC"]
[Result "1-0"]
[WhiteElo "2280"]
[BlackElo "1883"]

1. d4 d5 2. Bf4 Nf6 3. e3 a6 4. Nf3 Bg4 5. h3 Bh5 6. g4 Bg6 7. Ne5 e6 8. h4 h6
9. Nxg6 fxg6 10. h5 Bb4+ 11. c3 Bd6 12. Bxd6 cxd6 13. hxg6 Qb6 14. Qc2 Nbd7 15.
g5 Ne4 16. gxh6 Rxh6 17. Rxh6 gxh6 18. f3 Ng5 19. Bg2 e5 20. f4 exf4 21. exf4
Ne6 22. Bxd5 Ndf8 23. f5 Ng5 24. g7 O-O-O 25. g8=Q Qb5 26. Qb3 Qe8+ 27. Kd2 Qe7
28. Bxb7+ Qxb7 29. Qxb7+ Kxb7 30. Qd5+ Ka7 31. Na3 Nfh7 32. Nc4 Nf6 33. Qc6
Nge4+ 34. Kd3 1-0

[Event "AUTO-OPEN-4466"]
[Site "http://www.queenalice.com/game.php?id=1840872"]
[Date "2024.7.25"]
[Round "3"]
[White "bmax"]
[Black "Merlin_AAC"]
[Result "0-1"]
[WhiteElo "2292"]
[BlackElo "1853"]

1. d4 d5 2. Bf4 Nc6 3. e3 a6 4. c4 Nf6 5. Nf3 e6 6. Nc3 Bb4 7. a3 Bxc3+ 8. bxc3
h6 9. Bd3 Nh5 10. cxd5 Nxf4 11. dxc6 Nxg2+ 12. Ke2 Qf6 13. cxb7 Bxb7 14. e4 Nf4+
15. Ke3 O-O 16. Ne5 Qg5 17. h4 Nd5+ 18. Kf3 Qf4+ 19. Kg2 Nxc3 20. Qc1 Bxe4+ 21.
f3 Bxf3+ 22. Nxf3 Qg4+ 23. Kf2 Ne4+ 24. Bxe4 Qxe4 25. Re1 Qd5 26. Qxc7 Rfc8 27.
Qf4 Rc2+ 28. Re2 Rxe2+ 29. Kxe2 Qb5+ 30. Ke3 Qb3+ 31. Ke4 f5+ 32. Ke5 Qd5# 0-1

[Event "AUTO-OPEN-4466"]
[Site "http://www.queenalice.com/game.php?id=1840873"]
[Date "2024.7.25"]
[Round "3"]
[White "Merlin_AAC"]
[Black "bmax"]
[Result "0-1"]
[WhiteElo "1881"]
[BlackElo "2281"]

1. e4 c6 2. Nf3 d5 3. exd5 cxd5 4. c4 Nf6 5. d4 Nc6 6. a3 Bg4 7. Be2 e6 8. O-O
dxc4 9. Qa4 Bd6 10. Bg5 h6 11. Be3 O-O 12. Nbd2 Nd5 13. h3 Bxf3 14. Nxf3 Qc7 15.
Qxc4 f5 16. Bd2 g5 17. g3 g4 18. hxg4 fxg4 19. Nh2 h5 20. Qc2 Nxd4 21. Qg6+ Qg7
22. Qe4 Rae8 23. Bd3 Nb3 24. Rad1 Nc5 25. Qc4 Qxb2 26. Bc1 Qg7 27. Bb1 Rc8 28.
Rxd5 exd5 29. Qxd5+ Rf7 30. Qxd6 Rd7 31. Ba2+ Kh8 0-1

[Event "AUTO-OPEN-4466"]
[Site "http://www.queenalice.com/game.php?id=1840874"]
[Date "2024.7.25"]
[Round "3"]
[White "attachui"]
[Black "Merlin_AAC"]
[Result "1-0"]
[WhiteElo "2123"]
[BlackElo "1866"]

1. d4 d5 2. c4 e6 3. Nc3 a6 4. Nf3 h6 5. e4 dxe4 6. Nxe4 Bb4+ 7. Bd2 Bxd2+ 8.
Qxd2 Nc6 9. d5 Nce7 10. Rd1 Bd7 11. d6 cxd6 12. Nxd6+ Kf8 13. Nxf7 Kxf7 14. Ne5+
Ke8 15. Qxd7+ Qxd7 16. Nxd7 Rd8 17. Nc5 Rxd1+ 18. Kxd1 Kf7 19. Nxb7 Nf6 20. c5
1-0

[Event "AUTO-OPEN-4466"]
[Site "http://www.queenalice.com/game.php?id=1840875"]
[Date "2024.7.25"]
[Round "3"]
[White "Merlin_AAC"]
[Black "attachui"]
[Result "0-1"]
[WhiteElo "1860"]
[BlackElo "2127"]

1. e4 c5 2. Nf3 d6 3. c4 Nf6 4. Nc3 Nc6 5. d4 cxd4 6. Nxd4 e5 7. Ndb5 a6 8. Na3
Bg4 9. Qb3 Rb8 10. Nc2 b5 11. cxb5 Nd4 12. Nxd4 exd4 13. Nd5 Nxd5 14. Qxd5 Qb6
15. a4 Be7 0-1

[Event "AUTO-ADV-4785"]
[Site "http://www.queenalice.com/game.php?id=1843765"]
[Date "2024.9.15"]
[Round "2"]
[White "kuntakinte"]
[Black "Merlin_AAC"]
[Result "1-0"]
[WhiteElo "1788"]
[BlackElo "1891"]

1. e4 Nf6 2. d3 e5 3. Nf3 Nc6 4. Be2 d5 5. Nbd2 h6 6. O-O Be7 7. exd5 Nxd5 8.
Nc4 Be6 9. a3 f6 10. d4 e4 11. Ne1 Nf4 12. Bxf4 O-O 13. c3 Bd5 14. b3 b5 15. Ne3
Bf7 16. Bxb5 Nb8 17. Bc4 Bd6 18. Qg4 Bxf4 19. Qxf4 1-0

[Event "AUTO-ADV-4785"]
[Site "http://www.queenalice.com/game.php?id=1843766"]
[Date "2024.9.15"]
[Round "2"]
[White "Merlin_AAC"]
[Black "kuntakinte"]
[Result "0-1"]
[WhiteElo "1871"]
[BlackElo "1814"]

1. e4 e5 2. Nf3 d6 3. c4 Bd7 4. Nc3 Nf6 5. d4 exd4 6. Nxd4 c5 7. Nf3 Qe7 8. Bg5
h6 9. Bxf6 Qxf6 10. e5 dxe5 11. Nd5 Qc6 12. a4 b6 13. Nxe5 Qc8 14. Qh5 Be6 15.
Nf4 Nd7 16. Nxd7 Qxd7 17. Bd3 O-O-O 18. Qf3 Bd6 19. Nxe6 Qxe6+ 20. Be2 Kc7 0-1

[Event "AUTO-ADV-4785"]
[Site "http://www.queenalice.com/game.php?id=1843769"]
[Date "2024.9.15"]
[Round "2"]
[White "Merlin_AAC"]
[Black "ThiagoBrumN"]
[Result "0-1"]
[WhiteElo "1937"]
[BlackElo "1746"]

1. e4 e5 2. Nf3 Nc6 3. Bc4 Be7 4. d4 exd4 5. e5 Bc5 6. Bxf7+ Kxf7 7. Ng5+ Kf8 8.
Qf3+ Nf6 9. Bf4 d5 10. O-O h6 11. exf6 hxg5 12. fxg7+ Kxg7 13. Qg3 Kf8 14. Bxg5
Be7 15. Qf4+ Ke8 16. Bxe7 Nxe7 17. Qxd4 Rg8 18. Nd2 Bh3 19. Rfe1 Rxg2+ 0-1

[Event "AUTO-ADV-4785"]
[Site "http://www.queenalice.com/game.php?id=1843770"]
[Date "2024.9.15"]
[Round "2"]
[White "ThiagoBrumN"]
[Black "Merlin_AAC"]
[Result "1-0"]
[WhiteElo "1770"]
[BlackElo "1913"]

1. e4 Nc6 2. Nf3 e6 3. d4 a6 4. Nc3 Bb4 5. Bd2 d5 6. Be2 h6 7. O-O Nf6 8. e5 Nh7
9. a3 Be7 10. Bf4 g5 11. Bd2 Nf8 12. Ne1 Nxd4 13. Nd3 Nxe2+ 14. Qxe2 Ng6 15. Qf3
Nh4 16. Qh5 Nf5 17. Rad1 O-O 18. f4 Kh7 19. Rf3 1-0